| 000 | 00818nam a2200241 a 4500 | ||
|---|---|---|---|
| 001 | BRCA_5676 | ||
| 005 | 20190320205158.0 | ||
| 008 | 180211s1909----enka######---#000-0#fre-# | ||
| 041 | _afre | ||
| 044 | _aenk | ||
| 050 | 4 |
_aN3350 _b.W73 1909 |
|
| 100 | 1 |
_aWrangell, Nikolai Nikolaevich _cBaron _d1882-1915 _914423 |
|
| 245 | 1 | 0 |
_aLes chefs doeuvre de la Galerie de Tableaux de l´Ermitage Imperial a St. Petersbourg _cNicolas Wrangell. |
| 260 |
_aLondres _bFranz Hanfstaengl _c1909 |
||
| 300 |
_axxxii p. _bil., 239 láminas _c27 cm. |
||
| 500 | _aEl apellido del autor en ruso es Vrangel | ||
| 500 | _aF146 | ||
| 610 | 2 | 4 |
_aGalerie de Tableaux de l´Ermitage Imperial a St. Petersbourg _914424 |
| 650 | 1 | 4 |
_aPinturas _zLeningrado _914425 |
| 651 | 4 |
_aErmitazh (Leningrado) _914426 |
|
| 902 | _aGFM | ||
| 942 |
_2lcc _cB |
||
| 999 |
_c5369 _d5369 |
||